[Event "Irkutsk Region-ch"]
[Site "Irkutsk"]
[Date "2017.10.28"]
[Round "9"]
[White "Trukhin, Dmitry"]
[Black "Ergeshov, Timur"]
[Result "0-1"]
[WhiteElo "1844"]
[BlackElo "2343"]
[PlyCount "136"]
[EventDate "2017.10.21"]
[EventType "swiss"]
[EventRounds "9"]
[EventCountry "RUS"]
[SourceTitle "CBM 181 Extra"]
[Source "ChessBase"]
[SourceDate "2017.12.12"]
[SourceVersion "1"]
[SourceVersionDate "2017.12.12"]
[SourceQuality "1"]

1. d4 Nf6 2. c4 e6 3. Nc3 Bb4 4. e3 0-0 5. Nge2 d5 6. a3 Bd6 7. Ng3 c6 8. Bd3 e5 9. dxe5 Bxe5 10. cxd5 cxd5 11. 0-0 Nc6 12. f4 Bc7 13. Nh5 d4 14. Nxf6+ Qxf6 15. Ne4 Qh4 16. Ng5 h6 17. g3 Qg4 18. Be2 Qd7 19. Nf3 Bb6 20. exd4 Nxd4 21. Nxd4 Bxd4+ 22. Kh1 Qc6+ 23. Bf3 Qb6 24. Qe2 Bd7 25. Qg2 Bc6 26. Bxc6 bxc6 27. Ra2 c5 28. g4 Rab8 29. f5 Rfe8 30. g5 hxg5 31. Bxg5 Qa6 32. b4 cxb4 33. axb4 Qb7 34. Qxb7 Rxb7 35. Ra4 Rb5 36. h4 f6 37. Bd2 Re2 38. Bc1 Bb6 39. h5 Kh7 40. h6 gxh6 41. Ra3 Rxb4 42. Rh3 Rb1 43. Rxh6+ Kg7 44. Rg6+ Kf7 45. Rg2 Re5 46. Rc2 Rc5 47. Rxc5 Bxc5 48. Kg2 a5 49. Rh1 a4 50. Rh4 Rxc1 51. Rxa4 Rc3 52. Ra5 Kg7 53. Ra4 Re3 54. Rg4+ Kf7 55. Rh4 Ke7 56. Rh6 Bd4 57. Rh4 Be5 58. Rg4 Kd6 59. Rg8 Kd5 60. Kf2 Ra3 61. Rg4 Bd4+ 62. Ke2 Ke5 63. Rh4 Bg1 64. Rh5 Kf4 65. Rh8 Kxf5 66. Rb8 Ke4 67. Rb4+ Bd4 68. Rb8 Ra2+ 0-1

[Event "Irkutsk Region-ch"]
[Site "Irkutsk"]
[Date "2017.10.23"]
[Round "5"]
[White "Demikhov, Maxim"]
[Black "Trukhin, Dmitry"]
[Result "1/2-1/2"]
[WhiteElo "1985"]
[BlackElo "1844"]
[PlyCount "70"]
[EventDate "2017.10.21"]
[EventType "swiss"]
[EventRounds "9"]
[EventCountry "RUS"]
[SourceTitle "CBM 181 Extra"]
[Source "ChessBase"]
[SourceDate "2017.12.12"]
[SourceVersion "1"]
[SourceVersionDate "2017.12.12"]
[SourceQuality "1"]

1. d4 Nf6 2. c4 g6 3. Nc3 Bg7 4. e4 d6 5. Nge2 0-0 6. Ng3 e5 7. d5 Nbd7 8. Be2 Nc5 9. h4 h5 10. Bg5 Qd7 11. Qd2 Kh7 12. b4 Na4 13. Nxa4 Qxa4 14. Rc1 Qe8 15. c5 Ng4 16. Bxg4 Bxg4 17. cxd6 cxd6 18. Rc7 f6 19. Be3 Rf7 20. Rxf7 Qxf7 21. 0-0 a6 22. f3 Bd7 23. Rc1 Rc8 24. Nf1 Qe8 25. Rc3 Kg8 26. Bb6 Bb5 27. Ne3 Bh6 28. Qc2 Rxc3 29. Qxc3 Qd7 30. Kf2 Kf7 31. Qc7 Bxe3+ 32. Kxe3 Qxc7 33. Bxc7 Ke7 34. g4 Bd7 35. gxh5 gxh5 1/2-1/2

[Event "Irkutsk Region-ch"]
[Site "Irkutsk"]
[Date "2017.10.22"]
[Round "3"]
[White "Kuzmin, Ilya"]
[Black "Trukhin, Dmitry"]
[Result "1-0"]
[WhiteElo "2214"]
[BlackElo "1844"]
[PlyCount "163"]
[EventDate "2017.10.21"]
[EventType "swiss"]
[EventRounds "9"]
[EventCountry "RUS"]
[SourceTitle "CBM 181 Extra"]
[Source "ChessBase"]
[SourceDate "2017.12.12"]
[SourceVersion "1"]
[SourceVersionDate "2017.12.12"]
[SourceQuality "1"]

1. d4 Nf6 2. c4 g6 3. f3 Bg7 4. e4 d6 5. Nc3 0-0 6. Bg5 Nc6 7. Nge2 h6 8. Be3 e5 9. d5 Ne7 10. g4 Ne8 11. Qd2 Kh7 12. Ng3 a5 13. Bd3 b6 14. 0-0-0 Bd7 15. h4 a4 16. Nb5 Nc8 17. Kb1 Na7 18. Qh2 Qe7 19. Rdf1 Nxb5 20. cxb5 Ra5 21. Qe2 a3 22. b4 Ra4 23. Bd2 Rh8 24. Rc1 Qd8 25. Bc2 Ra7 26. Bb3 Rf8 27. Qd3 Rg8 28. Rc3 Bf8 29. Bc4 Qa8 30. h5 g5 31. Kc2 Nf6 32. Bc1 Be7 33. Rxa3 Ra4 34. Qb3 Rxa3 35. Qxa3 Qb7 36. Qd3 Ra8 37. Bb3 Ne8 38. Kb1 Ng7 39. Rh2 Kg8 40. Rc2 Bd8 41. Nf1 Kf8 42. a4 Ke7 43. Ne3 Ke8 44. Nc4 Ke7 45. Bxg5+ hxg5 46. h6 Kf6 47. Rh2 Nh5 48. Rxh5 Be7 49. Qd2 Kg6 50. h7 Rh8 51. Qh2 Qc8 52. Rh6+ Kg7 53. Bc2 Be8 54. Ne3 Bd7 55. Ka2 Qe8 56. Kb3 Qd8 57. Qh5 Bf6 58. Bd3 Be7 59. Qh1 Qb8 60. Rh5 Qd8 61. Rh2 Qb8 62. Nd1 Qa7 63. Rh5 Qb8 64. Nf2 Qe8 65. Nh3 Qd8 66. a5 bxa5 67. bxa5 Qb8 68. Ka4 Qa7 69. Qg1 Qb7 70. Nxg5 f6 71. Nh3 Rxh7 72. f4 Qc8 73. f5 Be8 74. Rxh7+ Kxh7 75. g5 Qd8 76. g6+ Kg7 77. Nf2 Bd7 78. Qh2 Qg8 79. Ng4 Kf8 80. Qh6+ Ke8 81. Qh7 Qxh7 82. gxh7 1-0

[Event "Irkutsk Summer op"]
[Site "Irkutsk"]
[Date "2017.07.23"]
[Round "1"]
[White "Trukhin, Dmitry"]
[Black "Tsydypov, Iljya"]
[Result "1-0"]
[WhiteElo "1786"]
[BlackElo "1275"]
[PlyCount "71"]
[EventDate "2017.07.23"]
[EventType "swiss"]
[EventRounds "9"]
[EventCountry "RUS"]
[SourceTitle "EXT 2018"]
[Source "ChessBase"]
[SourceDate "2017.10.13"]
[SourceVersion "1"]
[SourceVersionDate "2017.10.13"]
[SourceQuality "1"]

1. d4 Nf6 2. c4 g6 3. Nc3 Bg7 4. e4 d6 5. Nf3 0-0 6. Be2 c5 7. 0-0 cxd4 8. Nxd4 Nc6 9. Be3 Bd7 10. f3 Qb6 11. Ncb5 a6 12. Nc2 Qa5 13. Nbd4 Rfc8 14. Nxc6 Rxc6 15. Nd4 Rcc8 16. Bf2 Ba4 17. b3 Bc6 18. Nxc6 Rxc6 19. Bd4 Rac8 20. a3 Nd7 21. Kh1 b5 22. b4 Qa4 23. Bxg7 Kxg7 24. cxb5 axb5 25. Qxa4 bxa4 26. Bb5 R6c7 27. Bxa4 Nb6 28. Bb5 Rc2 29. Rfb1 Rd2 30. a4 Rcc2 31. Bf1 Nc4 32. Bxc4 Rxc4 33. a5 Rcc2 34. Rg1 Rc8 35. b5 Rb2 36. b6 1-0

[Event "Irkutsk-ch"]
[Site "Irkutsk"]
[Date "2017.02.05"]
[Round "2"]
[White "Sergeev, Andrey2"]
[Black "Trukhin, Dmitry"]
[Result "0-1"]
[WhiteElo "1937"]
[BlackElo "1770"]
[PlyCount "123"]
[EventDate "2017.02.04"]
[EventType "swiss"]
[EventRounds "9"]
[EventCountry "RUS"]
[SourceTitle "CBM 177 Extra"]
[Source "ChessBase"]
[SourceDate "2017.04.27"]
[SourceVersion "1"]
[SourceVersionDate "2017.04.27"]
[SourceQuality "1"]

1. d4 Nf6 2. c4 g6 3. Nc3 Bg7 4. e4 d6 5. f3 0-0 6. Be3 c5 7. dxc5 dxc5 8. Qxd8 Rxd8 9. Bxc5 Nc6 10. Rd1 Rxd1+ 11. Kxd1 b6 12. Ba3 a5 13. Nd5 Nxd5 14. cxd5 Nb4 15. Bc4 Ba6 16. Bxa6 Rxa6 17. Ne2 Nxa2 18. Kc2 Nb4+ 19. Bxb4 axb4 20. Kb3 Ra5 21. Rc1 Be5 22. Rc6 Bd6 23. Rxb6 Ra1 24. Rc6 Rh1 25. Nc1 Rxh2 26. Nd3 f6 27. Rc2 h5 28. Nxb4 h4 29. Nd3 g5 30. Kc3 Kf7 31. b4 Kg6 32. b5 Kh5 33. b6 g4 34. fxg4+ Kxg4 35. Ne1 Kg3 36. Kd3 Rh1 37. Ke2 Rh2 38. Kd3 Rh1 39. Re2 Rf1 40. Kd2 Rf2 41. b7 Rf1 42. Re3+ Kg4 43. Ke2 Rg1 44. Rc3 Kf4 45. Rc8 Kxe4 46. b8Q Bxb8 47. Rxb8 Kxd5 48. Rb3 Rh1 49. Kf2 e5 50. Rh3 Rxh3 51. gxh3 Ke4 52. Ng2 Kf5 53. Nxh4+ Kg5 54. Kg3 f5 55. Ng2 Kh5 56. Kf3 Kg5 57. Ne1 Kh4 58. Kg2 e4 59. Kh2 f4 60. Nc2 Kg5 61. Kg2 Kh4 62. Kh2 0-1

[Event "Irkutsk-ch U19"]
[Site "Irkutsk"]
[Date "2017.01.18"]
[Round "7"]
[White "Trukhin, Dmitry"]
[Black "Derevyanko, Yulia"]
[Result "1-0"]
[WhiteElo "1770"]
[BlackElo "1620"]
[PlyCount "89"]
[EventDate "2017.01.14"]
[EventType "swiss"]
[EventRounds "9"]
[EventCountry "RUS"]
[SourceTitle "EXT 2022"]
[Source "ChessBase"]
[SourceDate "2021.10.06"]
[SourceVersion "1"]
[SourceVersionDate "2021.10.06"]
[SourceQuality "1"]

1. d4 d5 2. c4 e6 3. Nc3 Nf6 4. Bg5 Be7 5. e3 a6 6. Nf3 0-0 7. Bd3 dxc4 8. Bxc4 b5 9. Bd3 Nbd7 10. Ne5 Bb7 11. 0-0 h6 12. Bh4 c5 13. Bc2 Re8 14. h3 Nxe5 15. dxe5 Qxd1 16. Raxd1 Nd5 17. Bxe7 Rxe7 18. Ne4 c4 19. Nd6 Nb4 20. Bb1 Nd5 21. Be4 Bc6 22. Bxd5 Bxd5 23. Rfe1 Rd7 24. Rd2 Rad8 25. Red1 Bc6 26. Rd4 Kf8 27. f3 Ke7 28. Kf2 f6 29. f4 Ba8 30. Kg3 Bc6 31. Kh2 Rg8 32. R1d2 Rf8 33. Kg1 fxe5 34. fxe5 Rdd8 35. h4 h5 36. Kh2 g6 37. Kg3 Rf1 38. Nf5+ Rxf5 39. Rxd8 Rxe5 40. Kf2 Bd5 41. Rc8 Rf5+ 42. Kg1 Rf8 43. Rc7+ Kd6 44. Rg7 Ke5 45. Rxg6 1-0

[Event "Irkutsk-ch U19"]
[Site "Irkutsk"]
[Date "2017.01.14"]
[Round "1"]
[White "Bunaev, Vladislav"]
[Black "Trukhin, Dmitry"]
[Result "0-1"]
[WhiteElo "1296"]
[BlackElo "1770"]
[PlyCount "86"]
[EventDate "2017.01.14"]
[EventType "swiss"]
[EventRounds "9"]
[EventCountry "RUS"]
[SourceTitle "EXT 2022"]
[Source "ChessBase"]
[SourceDate "2021.10.06"]
[SourceVersion "1"]
[SourceVersionDate "2021.10.06"]
[SourceQuality "1"]

1. e4 d6 2. d4 Nf6 3. Nc3 e5 4. Nf3 Nc6 5. d5 Ne7 6. Be3 g6 7. Qd2 h6 8. h3 Bg7 9. 0-0-0 g5 10. g4 Ng6 11. Be2 Bd7 12. h4 Nxg4 13. hxg5 Nxe3 14. Qxe3 Nf4 15. gxh6 Bxh6 16. Kb1 Nh3 17. Rxh3 Bxh3 18. Qd3 Qd7 19. Rh1 0-0-0 20. Nxe5 dxe5 21. Rxh3 Bf4 22. Bf1 Rdg8 23. Ne2 Kb8 24. Nxf4 exf4 25. Rxh8 Rxh8 26. a3 Rh1 27. Ka2 f3 28. e5 a6 29. Qc4 b5 30. Qd3 c5 31. c4 b4 32. d6 a5 33. b3 Ka7 34. a4 Kb8 35. Kb2 f6 36. e6 Qd8 37. e7 Qd7 38. e8Q+ Qxe8 39. d7 Qd8 40. Qd6+ Kb7 41. Bd3 f5 42. Bxf5 Qh8+ 43. Kc2 Qc3# 0-1

[Event "Irkutsk Spring"]
[Site "Irkutsk"]
[Date "2016.04.24"]
[Round "8"]
[White "Trukhin, Dmitry"]
[Black "Shcherbakov, Gleb"]
[Result "1-0"]
[WhiteElo "1685"]
[BlackElo "1483"]
[PlyCount "71"]
[EventDate "2016.04.09"]
[EventType "swiss"]
[EventRounds "9"]
[EventCountry "RUS"]
[SourceTitle "EXT 2022"]
[Source "ChessBase"]
[SourceDate "2021.10.06"]
[SourceVersion "1"]
[SourceVersionDate "2021.10.06"]
[SourceQuality "1"]

1. d4 Nf6 2. c4 c5 3. d5 b5 4. cxb5 e6 5. dxe6 fxe6 6. e3 Bb7 7. Nf3 Be7 8. Be2 0-0 9. 0-0 d5 10. Nc3 Nbd7 11. Ng5 e5 12. Ne6 Qb6 13. Nxf8 Rxf8 14. a4 d4 15. Nb1 Rc8 16. Bc4+ Kh8 17. a5 Qd6 18. f3 e4 19. f4 d3 20. Nc3 Nd5 21. Bd2 Nb4 22. Qg4 Nf6 23. Qe6 Qxe6 24. Bxe6 Rc7 25. Bh3 Nc2 26. Ra4 c4 27. Be6 Bb4 28. g4 Nd7 29. Bxd7 Rxd7 30. Kf2 Kg8 31. Nb1 Bxd2 32. Nxd2 Rd5 33. Rxc4 Rxb5 34. b4 Rxb4 35. Rxb4 Nxb4 36. Rb1 1-0

[Event "Irkutsk Spring"]
[Site "Irkutsk"]
[Date "2016.04.13"]
[Round "3"]
[White "Prokhorov, Yury"]
[Black "Trukhin, Dmitry"]
[Result "0-1"]
[WhiteElo "1739"]
[BlackElo "1685"]
[PlyCount "196"]
[EventDate "2016.04.09"]
[EventType "swiss"]
[EventRounds "9"]
[EventCountry "RUS"]
[SourceTitle "EXT 2022"]
[Source "ChessBase"]
[SourceDate "2021.10.06"]
[SourceVersion "1"]
[SourceVersionDate "2021.10.06"]
[SourceQuality "1"]

1. d4 Nf6 2. c4 g6 3. Nc3 Bg7 4. e4 d6 5. Be2 0-0 6. Be3 Nbd7 7. Qd2 e5 8. d5 a6 9. Bh6 Nc5 10. f3 Nh5 11. Bxg7 Kxg7 12. h4 h6 13. b4 Nd7 14. g4 Nf4 15. Bf1 a5 16. b5 Nc5 17. Nd1 Kh7 18. Ne3 f6 19. Nh3 Nxh3 20. Bxh3 Kg7 21. 0-0-0 Bd7 22. Rdg1 Kh7 23. Bf1 Qe7 24. Be2 b6 25. Nf1 Rf7 26. Ng3 Rg8 27. Kc2 Bc8 28. Qe3 Bd7 29. Rh2 Bc8 30. Rf1 Rgf8 31. Qc1 Bd7 32. Rhf2 Bc8 33. Rg1 Rg7 34. Kb1 Bd7 35. Qd2 f5 36. exf5 gxf5 37. Nh5 Rgg8 38. g5 Be8 39. Ng3 f4 40. Ne4 Nxe4 41. fxe4 Bg6 42. Bf3 h5 43. Qd1 Qe8 44. Kb2 Rg7 45. Kc3 Rgg8 46. Rb2 Rg7 47. Qe2 Re7 48. Rh1 Rg7 49. Bg2 Rgf7 50. Qf3 Kg7 51. Bh3 Re7 52. a4 Qf7 53. Rf1 Qe8 54. Rbf2 Rh8 55. Qd3 Rf8 56. Rf3 Rh8 57. Qe2 Rf8 58. Kd3 Rh8 59. Qd2 Kh7 60. Be6 Rf8 61. Re1 Rh8 62. Qe2 Rf8 63. Kc3 Rh8 64. Bf5 Rf8 65. Rxf4 exf4 66. Qxh5+ Kg7 67. Qh6+ Kg8 68. Qxg6+ Qxg6 69. Bxg6 f3 70. Rf1 Rf4 71. Bf5 Rxh4 72. Rxf3 Kg7 73. g6 Re5 74. Kd4 Rh1 75. Rd3 Rh4 76. Rd2 Rxf5 77. Kd3 Rff4 78. Re2 Kxg6 79. e5 Rd4+ 80. Kc3 Rxc4+ 81. Kb3 Rb4+ 82. Kc3 Rh3+ 83. Kc2 dxe5 84. Rxe5 Rxa4 85. Re6+ Kf5 86. Rc6 Ra2+ 87. Kb1 Rg2 88. Rc1 Rhh2 89. Re1 Re2 90. Rf1+ Ke5 91. Rd1 Rd2 92. Rg1 Kxd5 93. Kc1 Rc2+ 94. Kb1 Kc5 95. Rf1 Rcf2 96. Rd1 Kxb5 97. Re1 Rh5 98. Rg1 Rhf5 0-1

[Event "Irkutsk Region-ch U19"]
[Site "Irkutsk"]
[Date "2016.04.04"]
[Round "7"]
[White "Tatarnikova, Ekaterina"]
[Black "Trukhin, Dmitry"]
[Result "0-1"]
[WhiteElo "1467"]
[BlackElo "1608"]
[PlyCount "64"]
[EventDate "2016.03.31"]
[EventType "swiss"]
[EventRounds "9"]
[EventCountry "RUS"]
[SourceTitle "EXT 2017"]
[Source "ChessBase"]
[SourceDate "2016.10.25"]
[SourceVersion "1"]
[SourceVersionDate "2016.10.25"]
[SourceQuality "1"]

1. d4 Nf6 2. c4 e6 3. Nc3 Bb4 4. Qc2 0-0 5. Bg5 h6 6. Bh4 Be7 7. e3 b6 8. Bd3 Bb7 9. Nf3 d6 10. 0-0-0 Nbd7 11. Rhg1 Ne8 12. Bxe7 Qxe7 13. h3 c5 14. Kb1 Nef6 15. Nd2 Ne8 16. Nde4 d5 17. Nd2 Nd6 18. cxd5 exd5 19. Nf3 c4 20. Bf1 b5 21. g4 b4 22. Ne2 Ne4 23. Nf4 a5 24. h4 a4 25. g5 b3 26. Qe2 c3 27. Rc1 c2+ 28. Ka1 a3 29. axb3 axb2+ 30. Kxb2 Qa3+ 31. Kxc2 Rfc8+ 32. Kd3 Ba6+ 0-1

[Event "Irkutsk-ch"]
[Site "Irkutsk"]
[Date "2016.01.07"]
[Round "5"]
[White "Anokhin, Bogdan"]
[Black "Trukhin, Dmitry"]
[Result "0-1"]
[WhiteElo "1424"]
[BlackElo "1604"]
[PlyCount "150"]
[EventDate "2016.01.04"]
[EventType "swiss"]
[EventRounds "9"]
[EventCountry "RUS"]
[SourceTitle "CBM 170 Extra"]
[Source "ChessBase"]
[SourceDate "2016.02.25"]
[SourceVersion "1"]
[SourceVersionDate "2016.02.25"]
[SourceQuality "1"]

1. Nf3 Nf6 2. c4 e6 3. d4 d6 4. Nc3 Nc6 5. e4 Bd7 6. Be2 Be7 7. 0-0 0-0 8. Bf4 Ne8 9. Bd3 h6 10. Qc2 Nb4 11. Qd2 Nxd3 12. Qxd3 g5 13. Be3 f5 14. Rae1 Ng7 15. e5 g4 16. Bxh6 gxf3 17. Qxf3 Bg5 18. Qh3 Bxh6 19. Qxh6 Kf7 20. Qf4 Rh8 21. exd6 Qh4 22. Qxh4 Rxh4 23. f4 cxd6 24. g3 Rhh8 25. Rf2 Rac8 26. b3 a6 27. Rc1 b5 28. Nd1 Ne8 29. Rfc2 Nf6 30. Nf2 bxc4 31. bxc4 d5 32. c5 Bc6 33. Rb1 Rb8 34. Rcb2 Rb5 35. Kg2 Rhb8 36. Rb3 Nd7 37. Nd3 R8b7 38. Kf2 a5 39. Ke3 a4 40. Rb4 a3 41. Kd2 Kf6 42. Kc3 Nb8 43. Ne5 Be8 44. c6 Rxb4 45. Rxb4 Rxb4 46. Kxb4 Bxc6 47. Kc5 Be8 48. Kb6 Ke7 49. Kb7 Nd7 50. Nc6+ Kd6 51. h3 Nf6 52. Nb4 Ne4 53. g4 Nf2 54. gxf5 exf5 55. Kb6 Nxh3 56. Nd3 Ba4 57. Ka5 Bc2 58. Nb4 Bb1 59. Ka4 Nxf4 60. Kxa3 Ne6 61. Kb2 Be4 62. a4 Nxd4 63. a5 Nc6 64. Nc2 Bxc2 65. Kxc2 Nxa5 66. Kd3 Ke5 67. Ke3 Nc4+ 68. Kd3 f4 69. Ke2 Ke4 70. Kf2 d4 71. Ke2 f3+ 72. Kf2 d3 73. Ke1 Ke3 74. Kd1 f2 75. Kc1 f1Q# 0-1